00241nam a22000977a 4500008004100000100001700041245003900058250001200097260002600109300000800135251121b |||||||| |||| 00| 0 eng d aU.A. Bakshi  aControl System Engineering 2nd Ed. a2nd Ed. aPunebTechnicalc2003 a960